000
00329nam a2200157Ia 4500
100
_a
Gajjar/Dhiren
490
_v
I
942
_c
BK
654
_a
microprocessors I
245
_a
Microporocessors I
260
_b
Students book depot
_a
Pune
_c
1997
082
_a
4.16
_b
GAJ
300
_a
274
546
_a
ENGLISH
999
_c
31427
_d
31427